00418nam a2200169Ia 4500008004100000020001800041245004600059245001800105260001500123260001600138260000900154300001600163300002500179300001000204440002600214500000800240170705s9999 xx 000 0 und d a9780590688819 aWe'll never forget you, Robert Clemente / cTrudie Engel. aNew York : bScholastic, c1996 a106 pages : bcolor illustration ; c19cm. aScholastic biography. a680